The speaker's compact handbook / (Record no. 3664)

000 -LEADER
fixed length control field 01024cam a2200313 i 4500
001 - CONTROL NUMBER
control field 17453845
003 - CONTROL NUMBER IDENTIFIER
control field OSt
005 - DATE AND TIME OF LATEST TRANSACTION
control field 20161018152132.0
008 - FIXED-LENGTH DATA ELEMENTS--GENERAL INFORMATION
fixed length control field 120906s2014 at a f 000 0 eng
010 ## - LIBRARY OF CONGRESS CONTROL NUMBER
LC control number 2012948756
020 ## - INTERNATIONAL STANDARD BOOK NUMBER
International Standard Book Number 9780840028150
020 ## - INTERNATIONAL STANDARD BOOK NUMBER
International Standard Book Number 0840028156
040 ## - CATALOGING SOURCE
Original cataloging agency DLC
Language of cataloging eng
Transcribing agency DLC
Description conventions rda
042 ## - AUTHENTICATION CODE
Authentication code pcc
050 00 - LIBRARY OF CONGRESS CALL NUMBER
Classification number PN4129.15.S66 2014
082 00 - DEWEY DECIMAL CLASSIFICATION NUMBER
Classification number 808.51
Edition number 23
100 1# - MAIN ENTRY--PERSONAL NAME
Personal name Sprague, Jo,
Dates associated with a name 1943-
245 14 - TITLE STATEMENT
Title The speaker's compact handbook /
Statement of responsibility, etc Jo Sprague, San Jose State University ; Douglas Stuart, VMARE, Inc. ; David Bodary, Sinclair Community College.
250 ## - EDITION STATEMENT
Edition statement Fourth Edition.
260 ## - PUBLICATION, DISTRIBUTION, ETC. (IMPRINT)
Place of publication, distribution, etc Australia
Name of publisher, distributor, etc Wadsworth cengage learning
Date of publication, distribution, etc 2014
300 ## - PHYSICAL DESCRIPTION
Extent xi, 256 pages :
Other physical details illustrations ;
Dimensions 23 cm.
490 0# - SERIES STATEMENT
Series statement Advantage books
650 #0 - SUBJECT ADDED ENTRY--TOPICAL TERM
Topical term or geographic name as entry element Public speaking
Form subdivision Handbooks, manuals, etc.
700 ## - ADDED ENTRY--PERSONAL NAME
Personal name Stuart,Douglas
700 ## - ADDED ENTRY--PERSONAL NAME
Personal name Bodary,David
906 ## - LOCAL DATA ELEMENT F, LDF (RLIN)
a 7
b cbc
c orignew
d 2
e epcn
f 20
g y-gencatlg
942 ## - ADDED ENTRY ELEMENTS (KOHA)
Source of classification or shelving scheme
Koha item type Book
Holdings
Withdrawn status Lost status Source of classification or shelving scheme Damaged status Not for loan Home library Current library Shelving location Date acquired Total Checkouts Full call number Barcode Date last seen Date checked out Copy number Price effective from Koha item type
          Riara University Library Riara University Library General stack 18/10/2016 1 PN4129.15.S66 2014 8621/16 28/02/2024 18/09/2023 C.1 18/10/2016 Book
          Riara University Library Riara University Library General stack 18/10/2016   PN4129.15.S66 2014 8620/16 18/10/2016   C.2 18/10/2016 Book

Riara University Library,
P.O. Box 49940-00100,
Nairobi, Kenya.